Bible Books - Old or New Testament? - Statistics

General Stats
  • This quiz has been taken 464 times
  • The average score is 14 of 16
Answer Stats
Question Answer % Correct
Exodus Old Testament
100%
Mark New Testament
98%
Job Old Testament
95%
Psalms Old Testament
93%
Esther Old Testament
93%
James New Testament
92%
Philippians New Testament
92%
Romans New Testament
90%
Daniel Old Testament
90%
Malachi Old Testament
90%
Galatians New Testament
88%
Acts New Testament
88%
Judges Old Testament
88%
Hosea Old Testament
85%
Jude New Testament
84%
Hebrews New Testament
81%
No matching quizzes found
Score Distribution
Percent of People with Each Score
Percentile by Number Answered
Your Score History
You have not taken this quiz